00905nam a2200265Ia 4500001001000000003000500010008004100015010001100056040000900067082001900076100003200095245006300127260005400190300001100244440004300255650004900298901001900347902000600366905006300372910000900435942000900444942001200453999001900465952015500484Para_6368CHAP220125s1979 xx 000 0 und d a205080 cCHAP aPA 595.7092 L4 aLehmkuhl, Dennis M.9171025 aHow to Know the aquatic insects /c by Dennis M. Lehmkuhl aDebuque, Iowa :b The Pictured key Nature Series a168 p. aThe pictured key nature series9112697 aInsectos x anatomía y fisología9164667 aPA 595.7092 L4 aA a0000001979 a 0000000000 00 a1979 cPARA cPARAd1 c205080d205080 00102ddc4051708GRALaPAbPAd2005-10-27i(PA_3678) (No. UACh C/E)l0oPA 595.7092 L4p4102001158r2022-01-25 00:00:00tEj.1w2022-01-25yLIBROz3